000
00306 a2200109 4500
001
ART_12907
005
20260410161909.0
008
260409a
245
1
0
_a
Conocimiento y valor
100
1
_a
Meléndez, Horacio
773
0
_t
Costos y gestión
_g
- Año 13, Nº 53 (sep. 2004)
_w
REV12786
999
_c
26668
_d
26668